<?xml version="1.0" encoding="UTF-8"?>
<marc:record xmlns:marc="http://www.loc.gov/MARC21/slim">
   <marc:leader>00000nam a2200000 a 4500</marc:leader>
   <marc:datafield ind1=" " ind2=" " tag="653">
      <marc:subfield code="a">Softcover / Religion/Theologie/Religiöse Schriften</marc:subfield>
   </marc:datafield>
   <marc:datafield ind1=" " ind2=" " tag="653">
      <marc:subfield code="a">Gebete</marc:subfield>
   </marc:datafield>
   <marc:datafield ind1=" " ind2=" " tag="653">
      <marc:subfield code="a">Gesangbücher</marc:subfield>
   </marc:datafield>
   <marc:datafield ind1=" " ind2=" " tag="653">
      <marc:subfield code="a">Meditationen</marc:subfield>
   </marc:datafield>
   <marc:datafield ind1="0" ind2="0" tag="245">
      <marc:subfield code="a">Du bist so jung wie deine Zuversicht</marc:subfield>
   </marc:datafield>
   <marc:datafield ind1="0" ind2="0" tag="245">
      <marc:subfield code="b">ein Lebens-Lesebuch</marc:subfield>
   </marc:datafield>
   <marc:datafield ind1=" " ind2="1" tag="264">
      <marc:subfield code="a">Ostfildern</marc:subfield>
      <marc:subfield code="b">Grünewald</marc:subfield>
      <marc:subfield code="c">2010</marc:subfield>
   </marc:datafield>
   <marc:datafield ind1="1" ind2=" " tag="520">
      <marc:subfield code="a">Angaben aus der Verlagsmeldung

Du bist so jung wie deine Zuversicht : Ein Lebens-Lesebuch

Was bedeutet es, »alt« zu sein? Wie bleibe ich jung? Fragen dieser Art stellen sich mit zunehmendem Lebensalter vermutlich jedem einmal. Die inspirierenden Texte dieses Lesebuches beschäftigen sich mit dem Älterwerden auf überraschend neue Weise. Sie verabschieden ein einseitiges Bild vom Alter als dem Herbst des Lebens und betonen: Auch wenn es »Herbstphasen« im Leben gibt, prägen doch ebenso frühlingshafte Neuanfänge, sommerliches Genießen und winterliche Ruhe und Gelassenheit das Gesicht des dritten Lebensalters. // Ein Buch, das einlädt, zuversichtlich zu leben und die Chancen des Alters zu entdecken.

Mit Texten von Theodor Fontane, Jörg Zink, Edmond Tondeur, Ulla Hahn, Paul M. Zulehner und anderen.

ein schönes Geschenk zu Geburtstagen und Jubiläen
lebensfroher Zugang zu einem Thema, das immer mehr Menschen beschäftigt
</marc:subfield>
   </marc:datafield>
   <marc:datafield ind1=" " ind2=" " tag="020">
      <marc:subfield code="a">9783786728337</marc:subfield>
      <marc:subfield code="9">9783786728337</marc:subfield>
   </marc:datafield>
   <marc:datafield ind1=" " ind2=" " tag="041">
      <marc:subfield code="a">ger</marc:subfield>
   </marc:datafield>
   <marc:datafield ind1=" " ind2=" " tag="300">
      <marc:subfield code="a">125 S.</marc:subfield>
   </marc:datafield>
</marc:record>
